| 000 | 00459nam a2200181Ia 4500 | ||
|---|---|---|---|
| 001 | 13480 | ||
| 005 | 20260306164804.0 | ||
| 008 | 260306t1999||||xx |||||||||||||| ||spa|| | ||
| 041 | _aESP | ||
| 082 |
_a004.22 _bS78 |
||
| 100 |
_aStallings, William _eAUT |
||
| 245 | 0 |
_aOrganización y arquitectura de computadores: _bdiseño para optimizar prestaciones |
|
| 260 | _c1999 | ||
| 300 |
_a _c |
||
| 650 | _aGEN | ||
| 654 | _aCCC | ||
| 942 |
_cLIB _dJUS _fJUS _2ddc _n |
||
| 999 |
_c13480 _d13480 |
||